| Tag |
First Indicator |
Second Indicator |
Subfields |
| LEADER |
00000cam a2200000 4500 |
| 001 |
in00000132921 |
| 005 |
20151002070230.0 |
| 008 |
800315s1970 miua b s00010 eng d |
| 035 |
|
|
|a (OCoLC)06084684
|
| 035 |
|
|
|9 AAP8216AM
|
| 040 |
|
|
|a TXA
|c TXA
|d UtOrBLW
|
| 049 |
|
|
|a TXAM
|c 1 [1336095]
|c 2 [1336096]
|
| 090 |
|
|
|a SD397.W2
|b S3
|
| 100 |
1 |
|
|a Schneider, Gerhardt,
|d 1934-
|
| 245 |
1 |
0 |
|a Micro-nutrients in a 31-year old black walnut plantation /
|c [by G. Schneider].
|
| 264 |
|
1 |
|a East Lansing :
|b Michigan State University, Agricultural Experiment Station,
|c 1970.
|
| 300 |
|
|
|a 8 pages :
|b illustrations
|
| 336 |
|
|
|a text
|b txt
|2 rdacontent
|
| 337 |
|
|
|a unmediated
|b n
|2 rdamedia
|
| 338 |
|
|
|a volume
|b nc
|2 rdacarrier
|
| 490 |
1 |
|
|a Research bulletin 29
|
| 500 |
|
|
|a Cover title.
|
| 504 |
|
|
|a Bibliography: page 8.
|
| 650 |
|
0 |
|a Eastern black walnut.
|
| 830 |
|
0 |
|a Research bulletin (Michigan State University. Agricultural Experiment Station) ;
|v 29.
|
| 999 |
|
|
|a MARS
|
| 999 |
f |
f |
|s 22be1287-d8bf-3249-a3ed-501cff7dfb83
|i bf3be66f-a729-39ac-95d4-4333af270a6d
|t 0
|
| 952 |
f |
f |
|p ric
|a Texas A&M University
|b Rellis Campus
|c Joint Library Facility
|d Remote Storage
|t 0
|e SD397.W2 S3
|h Library of Congress classification
|i unmediated -- volume
|m A14805226713
|
| 998 |
f |
f |
|a SD397.W2 S3
|t 0
|l Remote Storage
|